00675nam a2200229 a 4500001001300000003000900013005001700022008004100039020001000080082001700090100002600107245004800133260003300181300000800214500003500222650001500257700002600272902000800298942000700306952011700313999001500430nice12345678IN_TiNIC20260116012045.0070702s2000 laha grp 000 0 urd  ac10000a297.86bALI3 aAli, Maulana Mohammad aIslam Aur Digar Mazahib Ya Falsafa-E-mazhab aLahore bNo Publisher c2000 a32p aincludes index and biblioraphy aAhmadiyyah1 aAli, Maulana Mohammad bSRS cBK 001040708StackRoom-aHMIbHMId2007-07-02g100.00l0o297.86 ALI3p06441r2007-07-02v100.00w2007-07-02yBK c5463d5463